[Event "Wch Blitz"]
[Site "New York"]
[Date "2024.12.30"]
[Round "8"]
[White "Bu, Xiangzhi"]
[Black "Bok, Benjamin"]
[Result "1/2-1/2"]
[WhiteElo "2684"]
[BlackElo "2593"]
[PlyCount "103"]
[EventDate "2024.12.30"]
[EventType "swiss (blitz)"]
[EventRounds "13"]
[EventCountry "USA"]
[SourceTitle "CB01_2025"]
[SourceDate "2025.01.01"]
[SourceVersion "1"]
[SourceVersionDate "2025.01.01"]
[SourceQuality "1"]

1. Nf3 d5 2. b3 Bf5 3. Bb2 e6 4. e3 Nf6 5. c4 c6 6. Be2 h6 7. Nc3 Nbd7 8. 0-0 Bd6 9. d3 Bh7 10. cxd5 exd5 11. e4 dxe4 12. dxe4 Qe7 13. Re1 0-0 14. Bf1 Rfe8 15. h3 Rad8 16. a3 Ne5 17. Qe2 Nxf3+ 18. Qxf3 Be5 19. Rad1 Rxd1 20. Qxd1 Qd8 21. Qxd8 Rxd8 22. f3 Kf8 23. Rd1 Rxd1 24. Nxd1 Bxb2 25. Nxb2 Nd7 26. Kf2 f5 27. exf5 Bxf5 28. Bd3 Bxd3 29. Nxd3 Ke7 30. Ke3 Ke6 31. Kd4 b6 32. b4 Kd6 33. f4 c5+ 34. Kc4 a6 35. bxc5+ bxc5 36. f5 Nb6+ 37. Kc3 Nd5+ 38. Kd2 c4 39. Nb4 Nc7 40. g4 a5 41. Nc2 Kc5 42. h4 Nd5 43. g5 hxg5 44. hxg5 Kd6 45. Ne3 Nxe3 46. Kxe3 Ke5 47. f6 gxf6 48. gxf6 Kxf6 49. Kd4 Ke6 50. Kxc4 Kd6 51. Kb5 Kc7 52. Kxa5 1/2-1/2

[Event "Wch Blitz"]
[Site "New York"]
[Date "2024.12.30"]
[Round "2"]
[White "Bu, Xiangzhi"]
[Black "Chirila, Ioan Cristian"]
[Result "1-0"]
[WhiteElo "2684"]
[BlackElo "2530"]
[PlyCount "83"]
[EventDate "2024.12.30"]
[EventType "swiss (blitz)"]
[EventRounds "13"]
[EventCountry "USA"]
[SourceTitle "CB01_2025"]
[SourceDate "2025.01.01"]
[SourceVersion "1"]
[SourceVersionDate "2025.01.01"]
[SourceQuality "1"]

1. Nf3 Nf6 2. c4 g6 3. b3 Bg7 4. Bb2 c5 5. g3 b6 6. Bg2 Bb7 7. 0-0 0-0 8. d4 cxd4 9. Qxd4 d5 10. Rd1 Nbd7 11. cxd5 Bxd5 12. Nc3 Bb7 13. Ne5 Bxg2 14. Kxg2 Nxe5 15. Qxe5 Qb8 16. Qxe7 Re8 17. Qb4 Qe5 18. h3 Rad8 19. Qc4 Rc8 20. Qd3 Qe6 21. Rac1 h5 22. Qf3 h4 23. g4 Nh7 24. Qd5 Qe7 25. Qd7 Qe5 26. Qxa7 Ng5 27. Qb7 Qe6 28. Qd5 Qe7 29. Qd7 Qe5 30. Qd5 Qe7 31. Qd6 Qb7+ 32. Qd5 Qe7 33. Qd7 Qe5 34. Rd5 Qf4 35. Qd6 Nxh3 36. Kxh3 Qxf2 37. Rd3 Be5 38. Qxe5 Rxe5 39. Ne4 Rxc1 40. Rd8+ Kh7 41. Nxf2 Rxe2 42. Rh8# 1-0

[Event "Wch Blitz"]
[Site "New York"]
[Date "2024.12.30"]
[Round "10"]
[White "Bu, Xiangzhi"]
[Black "Lenderman, Aleksandr"]
[Result "1/2-1/2"]
[WhiteElo "2684"]
[BlackElo "2480"]
[PlyCount "176"]
[EventDate "2024.12.30"]
[EventType "swiss (blitz)"]
[EventRounds "13"]
[EventCountry "USA"]
[SourceTitle "CB01_2025"]
[SourceDate "2025.01.01"]
[SourceVersion "1"]
[SourceVersionDate "2025.01.01"]
[SourceQuality "1"]

1. Nf3 d5 2. d4 Nf6 3. c4 c6 4. e3 a6 5. Bd3 dxc4 6. Bxc4 b5 7. Bd3 Bb7 8. a4 e6 9. 0-0 Nbd7 10. e4 bxa4 11. e5 Nd5 12. Nbd2 c5 13. Nc4 Be7 14. Bg5 0-0 15. Bxe7 Qxe7 16. Na5 Rfb8 17. Rxa4 N5b6 18. Ra3 Bd5 19. Qe2 h6 20. Rc1 cxd4 21. Nc6 Bxc6 22. Rxc6 Nd5 23. Qe4 g6 24. Qxd4 Rb4 25. Rc4 Rab8 26. Rxa6 Rxb2 27. h4 h5 28. Ra7 R2b4 29. Be4 Rxc4 30. Qxc4 N7b6 31. Rxe7 Nxc4 32. Bxd5 exd5 33. Rd7 Rb1+ 34. Kh2 Rd1 35. g3 d4 36. Rd8+ Kh7 37. Ng5+ Kg7 38. e6 fxe6 39. Rxd4 Rxd4 40. Nxe6+ Kf6 41. Nxd4 Ne5 42. Kg2 Ng4 43. f3 Ne3+ 44. Kf2 Nd5 45. Nc2 Ke5 46. Ne3 Nf6 47. Ng2 Nd5 48. Ne3 Nf6 49. Ke2 Ke6 50. Kd3 Ke5 51. Nc4+ Kd5 52. Ne3+ Ke5 53. Kc4 Nd7 54. Kc3 Nc5 55. Ng2 Ne6 56. Kd3 Nd4 57. f4+ Kd5 58. Ne3+ Kc5 59. Ke4 Ne2 60. Kf3 Nd4+ 61. Kf2 Kd6 62. Nc4+ Ke6 63. Ke3 Nf5+ 64. Kf3 Kf6 65. Nb6 Nd4+ 66. Kf2 Ke6 67. Nc4 Kf6 68. Nd2 Nf5 69. Ne4+ Ke6 70. Kf3 Nd4+ 71. Ke3 Nf5+ 72. Ke2 Kd5 73. Kd3 Ke6 74. Kc4 Ne3+ 75. Kd4 Nf5+ 76. Kc4 Ne3+ 77. Kd3 Nf5 78. Ke2 Kd5 79. Kf3 Nd4+ 80. Ke3 Nf5+ 81. Kd3 Ke6 82. Kc4 Ne3+ 83. Kd4 Nf5+ 84. Kd3 Kd5 85. Nc3+ Ke6 86. Ne2 Kd5 87. Nc3+ Ke6 88. Ne4 Kd5 1/2-1/2

[Event "Wch Blitz"]
[Site "New York"]
[Date "2024.12.30"]
[Round "13"]
[White "Donchenko, Alexander"]
[Black "Bu, Xiangzhi"]
[Result "1-0"]
[WhiteElo "2618"]
[BlackElo "2684"]
[PlyCount "101"]
[EventDate "2024.12.30"]
[EventType "swiss (blitz)"]
[EventRounds "13"]
[EventCountry "USA"]
[SourceTitle "CB01_2025"]
[SourceDate "2025.01.01"]
[SourceVersion "1"]
[SourceVersionDate "2025.01.01"]
[SourceQuality "1"]

1. Nf3 Nf6 2. g3 g6 3. Bg2 Bg7 4. 0-0 0-0 5. d4 d5 6. c4 c6 7. Qa4 Nbd7 8. cxd5 Nb6 9. Qd1 cxd5 10. Nc3 Ne4 11. a4 Nxc3 12. bxc3 Nc4 13. Qb3 b6 14. Bf4 Ba6 15. Rfe1 Rc8 16. h4 h6 17. e4 dxe4 18. Rxe4 e6 19. Ne5 Nxe5 20. Bxe5 Bb7 21. Bxg7 Kxg7 22. Re3 Bxg2 23. Kxg2 Qc7 24. a5 bxa5 25. Qa4 Rfd8 26. Qxa5 Qxa5 27. Rxa5 Rd7 28. Kf3 Rdc7 29. Ra3 Rb8 30. Re2 Kf6 31. Ke4 Rb5 32. Kd3 Rf5 33. Raa2 Rb5 34. Reb2 Rf5 35. Re2 Rb5 36. Re3 Rb3 37. Kc2 Rb8 38. Rf3+ Ke7 39. Re3 Kf6 40. Ra6 Rcb7 41. Kd3 Rc7 42. d5 Rd8 43. c4 Kg7 44. d6 Rb7 45. c5 Rc8 46. c6 Rb5 47. d7 Rd5+ 48. Ke2 Rb8 49. c7 Rb2+ 50. Kf1 Rf5 51. Re2 1-0

[Event "Wch Blitz"]
[Site "New York"]
[Date "2024.12.30"]
[Round "5"]
[White "Hakobyan, Aram"]
[Black "Bu, Xiangzhi"]
[Result "1/2-1/2"]
[WhiteElo "2625"]
[BlackElo "2684"]
[PlyCount "122"]
[EventDate "2024.12.30"]
[EventType "swiss (blitz)"]
[EventRounds "13"]
[EventCountry "USA"]
[SourceTitle "CB01_2025"]
[SourceDate "2025.01.01"]
[SourceVersion "1"]
[SourceVersionDate "2025.01.01"]
[SourceQuality "1"]

1. e4 e5 2. Nf3 Nf6 3. Nc3 Nc6 4. Nd5 d6 5. d4 exd4 6. Nxd4 Be7 7. Bb5 Bd7 8. Nf5 Bxf5 9. exf5 0-0 10. 0-0 a6 11. Ba4 b5 12. Bb3 Na5 13. Re1 Nxd5 14. Bxd5 c6 15. Bd2 Bf6 16. Bxa5 Qxa5 17. Bxc6 Rac8 18. Bb7 Rc7 19. Bd5 Bxb2 20. Rb1 Bf6 21. Bb3 Qb6 22. Qh5 h6 23. a4 d5 24. Red1 bxa4 25. Bxa4 Qd6 26. Bb3 Rc5 27. Rd2 a5 28. Rbd1 d4 29. Re2 Qd7 30. g4 a4 31. Ba2 Qc6 32. Rde1 Rxc2 33. Qxf7+ Rxf7 34. Re8+ Kh7 35. Bxf7 h5 36. g5 Bxg5 37. Bg6+ Qxg6 38. fxg6+ Kxg6 39. Ra8 d3 40. Rxa4 d2 41. Rd1 Rc1 42. Ra1 Kf5 43. Kf1 Kg4 44. Ke2 Bf4 45. Ra4 g5 46. Rxd2 Rh1 47. Rd3 Rxh2 48. Rg3+ Kh4 49. Rg1 Rh3 50. Rc4 Ra3 51. Rh1+ Kg4 52. Rg1+ Kh3 53. Rh1+ Kg2 54. Rxh5 Ra2+ 55. Kd3 Rxf2 56. Rc2 Rxc2 57. Kxc2 g4 58. Kd3 Kf3 59. Rh7 g3 60. Rh3 Kg4 61. Rxg3+ Bxg3 1/2-1/2

[Event "Wch Rapid"]
[Site "New York"]
[Date "2024.12.27"]
[Round "6"]
[White "Bu, Xiangzhi"]
[Black "Deac, Bogdan Daniel"]
[Result "1/2-1/2"]
[WhiteElo "2569"]
[BlackElo "2635"]
[PlyCount "185"]
[EventDate "2024.12.26"]
[EventType "swiss (rapid)"]
[EventRounds "13"]
[EventCountry "USA"]
[SourceTitle "CB01_2025"]
[SourceDate "2025.01.01"]
[SourceVersion "1"]
[SourceVersionDate "2025.01.01"]
[SourceQuality "1"]

1. d4 Nf6 2. c4 e6 3. Nc3 Bb4 4. e3 0-0 5. Bd3 d5 6. Nf3 dxc4 7. Bxc4 c5 8. 0-0 Nc6 9. a3 Ba5 10. Qd3 a6 11. dxc5 Qxd3 12. Bxd3 Bxc3 13. bxc3 Na5 14. Bc2 Bd7 15. e4 Bc6 16. Re1 Rfc8 17. Rb1 Nd7 18. Nd4 Nxc5 19. Nxc6 Rxc6 20. Rd1 b5 21. Rb4 Nc4 22. a4 Nxa4 23. Bxa4 bxa4 24. Rxa4 a5 25. Rd4 Rac8 26. f4 f6 27. h3 h6 28. e5 fxe5 29. fxe5 Rc5 30. Ba3 Nxa3 31. Rxa3 Rxe5 32. Rd7 Kh7 33. Ra7 Rcc5 34. c4 Rg5 35. Ra6 Rxc4 36. R6xa5 Rc1+ 37. Kh2 Rxa5 38. Rxa5 Kg6 39. Kg3 Rf1 40. h4 Kf6 41. Ra8 Rf5 42. Ra6 g6 43. Rb6 h5 44. Ra6 Rf1 45. Ra8 Rf5 46. Ra6 Rb5 47. Kf3 Kf5 48. Ra3 Rb4 49. g3 e5 50. Ra5 Rb3+ 51. Kg2 Rd3 52. Ra6 Rd4 53. Kf3 Rd2 54. Ke3 Rb2 55. Rc6 Rb3+ 56. Kf2 e4 57. Rc5+ Kg4 58. Rg5+ Kh3 59. Rxg6 Rf3+ 60. Ke2 Rxg3 61. Re6 Rg4 62. Re5 Kxh4 63. Ke3 Rg3+ 64. Kxe4 Kg4 65. Re8 h4 66. Rg8+ Kh3 67. Rh8 Ra3 68. Kf4 Rb3 69. Rh7 Rb1 70. Kf3 Rf1+ 71. Ke2 Rf5 72. Rh8 Kg3 73. Rg8+ Kh2 74. Rh8 h3 75. Rh7 Kg2 76. Rg7+ Kh1 77. Rg8 h2 78. Rg7 Ra5 79. Kf2 Ra2+ 80. Kf1 Ra1+ 81. Kf2 Rg1 82. Ra7 Rg2+ 83. Kf1 Rg8 84. Rf7 Ra8 85. Rf6 Ra1+ 86. Kf2 Ra2+ 87. Kf1 Rb2 88. Rf5 Rc2 89. Rf6 Rc1+ 90. Kf2 Rg1 91. Ra6 Rg2+ 92. Kf1 Rg5 93. Rf6 1/2-1/2

[Event "Wch Rapid"]
[Site "New York"]
[Date "2024.12.26"]
[Round "5"]
[White "Amartuvshin, Ganzorig"]
[Black "Bu, Xiangzhi"]
[Result "0-1"]
[WhiteElo "2298"]
[BlackElo "2569"]
[PlyCount "66"]
[EventDate "2024.12.26"]
[EventType "swiss (rapid)"]
[EventRounds "13"]
[EventCountry "USA"]
[SourceTitle "CB01_2025"]
[SourceDate "2025.01.01"]
[SourceVersion "1"]
[SourceVersionDate "2025.01.01"]
[SourceQuality "1"]

1. d4 Nf6 2. c4 e6 3. Nf3 d5 4. Nc3 Bb4 5. cxd5 exd5 6. Bf4 0-0 7. Rc1 c5 8. a3 Bxc3+ 9. bxc3 Nc6 10. e3 c4 11. Be2 Qa5 12. a4 Ne4 13. Qc2 h6 14. Bd1 a6 15. 0-0 Bf5 16. Qb2 b5 17. Ne5 Nxe5 18. Bxe5 bxa4 19. Qa3 Nd2 20. Re1 Nb3 21. Bxb3 cxb3 22. f3 Bd3 23. e4 Qb5 24. exd5 b2 25. Rb1 Bxb1 26. Rxb1 Rab8 27. Bxb8 Rxb8 28. d6 Qd3 29. Qa2 Qxc3 30. d7 Qxd4+ 31. Kf1 Qd3+ 32. Kg1 Qxd7 33. Rxb2 Qd1+ 0-1

[Event "TCh-CHN Div A Finals"]
[Site "Shaoxing"]
[Date "2024.12.06"]
[Round "3.1"]
[White "Bu, Xiangzhi"]
[Black "Wang, Yue"]
[Result "1/2-1/2"]
[WhiteElo "2684"]
[BlackElo "2640"]
[PlyCount "60"]
[EventDate "2024.12.02"]
[EventType "team-k.o."]
[EventRounds "4"]
[EventCountry "CHN"]
[SourceTitle "CB50_2024"]
[SourceDate "2024.11.01"]
[SourceVersion "1"]
[SourceVersionDate "2024.11.01"]
[SourceQuality "2"]
[WhiteTeam "Chongqing Ticai"]
[BlackTeam "Tianjin"]
[WhiteTeamCountry "CHN"]
[BlackTeamCountry "CHN"]

1. c4 e5 2. Nc3 Nf6 3. g3 Bb4 4. Bg2 0-0 5. e4 Bxc3 6. bxc3 c6 7. Ne2 d5 8. cxd5 cxd5 9. exd5 Nxd5 10. d4 exd4 11. Qxd4 Be6 12. 0-0 Nc6 13. Qc5 Qb6 14. Qxb6 axb6 15. a3 Rfd8 16. Re1 h6 17. Nf4 Nxf4 18. Bxf4 Rd3 19. Rec1 Na5 20. Be4 Rdd8 21. Re1 Nb3 22. Rad1 Rxd1 23. Rxd1 Nc5 24. Bc2 Bb3 25. Bxb3 Nxb3 26. Be3 Nc5 27. Rd6 Rxa3 28. Rxb6 Rxc3 29. Bxc5 Rxc5 30. Rxb7 h5 1/2-1/2

[Event "TCh-CHN Div A Finals"]
[Site "Shaoxing"]
[Date "2024.12.05"]
[Round "2.2"]
[White "Wang, Yue"]
[Black "Bu, Xiangzhi"]
[Result "1/2-1/2"]
[WhiteElo "2640"]
[BlackElo "2684"]
[PlyCount "61"]
[EventDate "2024.12.02"]
[EventType "team-k.o."]
[EventRounds "4"]
[EventCountry "CHN"]
[SourceTitle "CB50_2024"]
[SourceDate "2024.11.01"]
[SourceVersion "1"]
[SourceVersionDate "2024.11.01"]
[SourceQuality "2"]
[WhiteTeam "Tianjin"]
[BlackTeam "Chongqing Ticai"]
[WhiteTeamCountry "CHN"]
[BlackTeamCountry "CHN"]

1. e4 e5 2. Nf3 Nf6 3. Nxe5 Nxe4 4. Qe2 Qe7 5. Qxe4 d6 6. d4 dxe5 7. dxe5 Nc6 8. Nc3 Qxe5 9. Qxe5+ Nxe5 10. Bf4 f6 11. Nb5 Bb4+ 12. c3 Ba5 13. a4 a6 14. Na3 Be6 15. Bxe5 fxe5 16. Bc4 Bd7 17. Bb3 c6 18. Nc4 Bc7 19. 0-0-0 Be6 20. Nd6+ Bxd6 21. Bxe6 Ke7 22. Bb3 Rad8 23. f3 Bc7 24. h3 Rxd1+ 25. Rxd1 Rd8 26. Rxd8 Bxd8 27. Kd2 Kd6 28. Kd3 Bg5 29. Bg8 h5 30. b3 h4 31. Bh7 1/2-1/2

[Event "TCh-CHN Div A Finals"]
[Site "Shaoxing"]
[Date "2024.12.04"]
[Round "2.1"]
[White "Bu, Xiangzhi"]
[Black "Wang, Yue"]
[Result "1/2-1/2"]
[WhiteElo "2684"]
[BlackElo "2640"]
[PlyCount "62"]
[EventDate "2024.12.02"]
[EventType "team-k.o."]
[EventRounds "4"]
[EventCountry "CHN"]
[SourceTitle "CB50_2024"]
[SourceDate "2024.11.01"]
[SourceVersion "1"]
[SourceVersionDate "2024.11.01"]
[SourceQuality "2"]
[WhiteTeam "Chongqing Ticai"]
[BlackTeam "Tianjin"]
[WhiteTeamCountry "CHN"]
[BlackTeamCountry "CHN"]

1. d4 Nf6 2. c4 e6 3. g3 d5 4. Bg2 dxc4 5. Nf3 c5 6. 0-0 Nc6 7. dxc5 Qxd1 8. Rxd1 Bxc5 9. Nbd2 c3 10. bxc3 0-0 11. Nb3 Be7 12. Nfd4 Nxd4 13. cxd4 Nd5 14. Bd2 f5 15. Na5 b6 16. Nc6 Bf6 17. e3 Bb7 18. Nb4 Rab8 19. a4 Nxb4 20. Bxb4 Rfd8 21. a5 Bxg2 22. Kxg2 e5 23. axb6 axb6 24. dxe5 Bxe5 25. Rxd8+ Rxd8 26. Ra6 b5 27. Kf3 Rd3 28. Ra8+ Kf7 29. Ra7+ Kg6 30. Ra6+ Kf7 31. Ra7+ Kg6 1/2-1/2

[Event "TCh-CHN Div A Finals"]
[Site "Shaoxing"]
[Date "2024.12.02"]
[Round "1.1"]
[White "Bu, Xiangzhi"]
[Black "Xu, Yi"]
[Result "1/2-1/2"]
[WhiteElo "2684"]
[BlackElo "2479"]
[PlyCount "55"]
[EventDate "2024.12.02"]
[EventType "team-k.o."]
[EventRounds "4"]
[EventCountry "CHN"]
[SourceTitle "CB50_2024"]
[SourceDate "2024.11.01"]
[SourceVersion "1"]
[SourceVersionDate "2024.11.01"]
[SourceQuality "2"]
[WhiteTeam "Chongqing Ticai"]
[BlackTeam "Shanghai"]
[WhiteTeamCountry "CHN"]
[BlackTeamCountry "CHN"]

1. d4 Nf6 2. c4 e6 3. Nc3 Bb4 4. a3 Bxc3+ 5. bxc3 d6 6. e4 Nxe4 7. Qg4 Nf6 8. Qxg7 Rg8 9. Qh6 b6 10. Bg5 Nbd7 11. Qh4 Bb7 12. Nf3 Qe7 13. c5 h6 14. Qxh6 0-0-0 15. Qh4 e5 16. cxd6 Qxd6 17. Bxf6 Nxf6 18. Nxe5 Kb8 19. f3 Nd5 20. Nxf7 Rde8+ 21. Kd2 Qd7 22. Ne5 Qa4 23. Qh7 Rd8 24. Qc2 Qa5 25. Nc4 Qb5 26. Ne5 Qa5 27. Nc4 Qb5 28. Ne5 1/2-1/2

[Event "Shenzhen Nanshan"]
[Site "Shenzhen"]
[Date "2024.11.18"]
[Round "3.3"]
[White "Wang, Yue"]
[Black "Bu, Xiangzhi"]
[Result "1/2-1/2"]
[WhiteElo "2677"]
[BlackElo "2573"]
[PlyCount "101"]
[EventDate "2024.11.16"]
[EventType "k.o."]
[EventRounds "3"]
[EventCountry "CHN"]
[SourceTitle "CB47_2024"]
[SourceDate "2024.11.20"]
[SourceVersion "1"]
[SourceVersionDate "2024.11.20"]
[SourceQuality "1"]

1. e4 c5 2. Nf3 Nc6 3. Bb5 g6 4. 0-0 Bg7 5. Re1 Nf6 6. Bxc6 dxc6 7. d3 0-0 8. a4 Bg4 9. h3 Bxf3 10. Qxf3 Nd7 11. Nd2 Re8 12. a5 Nf8 13. Nb3 Ne6 14. e5 Qd5 15. Qe4 f5 16. Qe2 f4 17. Ra4 Rf8 18. Qg4 Rf5 19. Bxf4 h5 20. Qg3 g5 21. Bd2 Bxe5 22. Qe3 Nd4 23. Qe4 Nxc2 24. Rc1 Nd4 25. Nxc5 Raf8 26. Qxd5+ cxd5 27. Re1 Nc2 28. Re2 Bd4 29. Ne6 Bxf2+ 30. Kh2 R8f6 31. Bxg5 Rxe6 32. Rxc2 Re1 33. h4 Bg1+ 34. Kh3 Bf2 35. g4 Rh1+ 36. Kg2 Rg1+ 37. Kh2 Rxg4 38. Rxg4 hxg4 39. Rc7 e5 40. Rxb7 Rf3 41. h5 Bd4 42. h6 e4 43. dxe4 dxe4 44. Kg2 e3 45. Re7 Rf2+ 46. Kg3 Rxb2 47. Kxg4 e2 48. Kf3 Rb5 49. Bf4 Rxa5 50. Rxe2 Bf6 51. Re6 1/2-1/2

[Event "Shenzhen Nanshan"]
[Site "Shenzhen"]
[Date "2024.11.17"]
[Round "2.3"]
[White "Lu, Shanglei"]
[Black "Bu, Xiangzhi"]
[Result "1-0"]
[WhiteElo "2626"]
[BlackElo "2573"]
[PlyCount "73"]
[EventDate "2024.11.16"]
[EventType "k.o."]
[EventRounds "3"]
[EventCountry "CHN"]
[SourceTitle "CB47_2024"]
[SourceDate "2024.11.20"]
[SourceVersion "1"]
[SourceVersionDate "2024.11.20"]
[SourceQuality "1"]

1. e4 g6 2. d4 Bg7 3. Nc3 d6 4. Be3 a6 5. a4 Nf6 6. h3 Nc6 7. Nge2 e5 8. d5 Ne7 9. g4 h5 10. g5 Nd7 11. Qd2 0-0 12. a5 b5 13. axb6 Nxb6 14. b3 c6 15. dxc6 d5 16. Bxb6 Qxb6 17. Nxd5 Nxd5 18. exd5 e4 19. Ra4 Re8 20. Qe3 Qd8 21. c4 h4 22. Bg2 Re5 23. 0-0 Rxg5 24. Kh1 Re5 25. Rd1 Qc7 26. c5 Bf5 27. b4 Rd8 28. Nc3 Ree8 29. b5 Bxc3 30. b6 Rxd5 31. Rxd5 Qxc6 32. Rxe4 Bxe4 33. Bxe4 Bd2 34. Qxd2 Rxe4 35. Rd8+ Kg7 36. Qd5 Qa4 37. b7 1-0

[Event "Shenzhen Nanshan"]
[Site "Shenzhen"]
[Date "2024.11.16"]
[Round "1.1"]
[White "Bu, Xiangzhi"]
[Black "Dai, Changren"]
[Result "1-0"]
[WhiteElo "2573"]
[BlackElo "2409"]
[PlyCount "119"]
[EventDate "2024.11.16"]
[EventType "k.o."]
[EventRounds "3"]
[EventCountry "CHN"]
[SourceTitle "CB47_2024"]
[SourceDate "2024.11.20"]
[SourceVersion "1"]
[SourceVersionDate "2024.11.20"]
[SourceQuality "1"]

1. c4 e6 2. Nc3 d5 3. d4 Be7 4. Nf3 Nf6 5. Bg5 h6 6. Bxf6 Bxf6 7. Qb3 dxc4 8. Qxc4 0-0 9. e3 a6 10. Ne4 Nd7 11. Rc1 c5 12. Nxf6+ Qxf6 13. dxc5 Qxb2 14. Bd3 Ne5 15. Nxe5 Qxe5 16. Qe4 Qxe4 17. Bxe4 f5 18. Bf3 Rf7 19. 0-0 Rc7 20. Rfd1 Bd7 21. Bxb7 Rxb7 22. c6 Bxc6 23. Rxc6 Kf7 24. h4 a5 25. a4 Raa7 26. Rdd6 Rb4 27. Rxe6 Rxa4 28. Re5 Rxh4 29. Rxf5+ Kg8 30. f4 a4 31. Rc8+ Kh7 32. Rff8 Kg6 33. Ra8 Rxa8 34. Rxa8 Rh5 35. Rxa4 Rb5 36. Kf2 h5 37. Kf3 Kf6 38. Ra6+ Kf7 39. g3 g6 40. Ra7+ Kf6 41. e4 Rb3+ 42. Kg2 Rb1 43. Ra6+ Kf7 44. e5 Rc1 45. Rf6+ Kg7 46. Rd6 Kf7 47. Kf3 Rc3+ 48. Kf2 Ra3 49. Rd7+ Ke6 50. Rg7 Kf5 51. Rf7+ Kg4 52. e6 Ra2+ 53. Ke3 Ra1 54. Rf6 g5 55. Rg6 Kxg3 56. Rxg5+ Kh4 57. Rg6 Kh3 58. f5 h4 59. Kf4 Kh2 60. e7 1-0

[Event "Chengdu Chess King 2nd"]
[Site "Chengdu"]
[Date "2024.11.04"]
[Round "3.1"]
[White "Ma, Qun"]
[Black "Bu, Xiangzhi"]
[Result "1/2-1/2"]
[WhiteElo "2638"]
[BlackElo "2684"]
[PlyCount "63"]
[EventDate "2024.11.03"]
[EventType "k.o. (rapid)"]
[EventRounds "4"]
[EventCountry "CHN"]
[SourceTitle "CB45_2024"]
[Source "ChessBase"]
[SourceDate "2024.11.06"]
[SourceVersion "1"]
[SourceVersionDate "2024.11.06"]
[SourceQuality "1"]

1. d4 Nf6 2. c4 e6 3. Nf3 d5 4. Nc3 c6 5. Qb3 Nbd7 6. Bg5 Be7 7. e3 0-0 8. Rc1 b6 9. cxd5 exd5 10. Bd3 Bb7 11. 0-0 Re8 12. h3 Nf8 13. Qc2 h6 14. Bh4 Ne4 15. Bxe7 Qxe7 16. Qe2 a5 17. Na4 Nd7 18. Rfd1 b5 19. Nc3 a4 20. a3 Nd6 21. Nd2 Nb6 22. Qh5 Qg5 23. Qxg5 hxg5 24. Na2 Nbc4 25. Rc2 Bc8 26. Nb4 Bd7 27. Nb1 g6 28. Nc3 Kg7 29. Re2 f5 30. Rde1 Re7 31. f3 Rae8 32. Kf2 1/2-1/2

[Event "Chengdu Chess King 2nd"]
[Site "Chengdu"]
[Date "2024.11.03"]
[Round "2.1"]
[White "Xu, Xiangyu"]
[Black "Bu, Xiangzhi"]
[Result "1-0"]
[WhiteElo "2611"]
[BlackElo "2684"]
[PlyCount "73"]
[EventDate "2024.11.03"]
[EventType "k.o. (rapid)"]
[EventRounds "4"]
[EventCountry "CHN"]
[SourceTitle "CB45_2024"]
[Source "ChessBase"]
[SourceDate "2024.11.06"]
[SourceVersion "1"]
[SourceVersionDate "2024.11.06"]
[SourceQuality "1"]

1. d4 Nf6 2. Nf3 e6 3. Bf4 d5 4. e3 Bd6 5. Bd3 c5 6. dxc5 Bxc5 7. Nbd2 Nc6 8. 0-0 Bd6 9. c4 0-0 10. Rc1 Bxf4 11. exf4 b6 12. Qa4 Bd7 13. Qb3 Qe7 14. cxd5 exd5 15. Rfe1 Qb4 16. Bb5 Qxb3 17. Nxb3 Nb4 18. Bxd7 Nxd7 19. Re7 Nf6 20. Ne5 d4 21. Nxd4 Nbd5 22. Rb7 Nxf4 23. g3 N4d5 24. Nf5 Rae8 25. f4 a5 26. Kg2 h5 27. h3 Rb8 28. Rxb8 Rxb8 29. Kf3 Rd8 30. g4 hxg4+ 31. hxg4 Ne8 32. a3 f6 33. Nc6 Rd7 34. Rd1 Nec7 35. b4 axb4 36. Nxb4 Kf7 37. Ne3 1-0

[Event "EU-Cup 39th"]
[Site "Vrnjacka Banja"]
[Date "2024.10.25"]
[Round "6.1"]
[White "Bu, Xiangzhi"]
[Black "Mamedov, Rauf"]
[Result "1/2-1/2"]
[WhiteElo "2690"]
[BlackElo "2643"]
[PlyCount "123"]
[EventDate "2024.10.20"]
[EventType "team-swiss"]
[EventRounds "7"]
[EventCountry "SRB"]
[SourceTitle "CB44_2024"]
[Source "Chessbase"]
[SourceDate "2024.10.30"]
[SourceVersion "1"]
[SourceVersionDate "2024.10.30"]
[SourceQuality "1"]
[WhiteTeam "Bayegan Pendik"]
[BlackTeam "Vugar Gashimov"]
[WhiteTeamCountry "TUR"]
[BlackTeamCountry "AZE"]

1. Nf3 d5 2. d4 Nf6 3. c4 dxc4 4. e3 e6 5. Bxc4 a6 6. 0-0 c5 7. dxc5 Bxc5 8. Qxd8+ Kxd8 9. Be2 Ke7 10. b3 Bd7 11. Ne5 Bb5 12. Bxb5 axb5 13. Nd3 Nbd7 14. b4 Bd6 15. Bb2 Rhc8 16. Nc3 Ne5 17. Nxb5 Nxd3 18. Nxd6 Nxb2 19. Nxc8+ Rxc8 20. Rfc1 Rxc1+ 21. Rxc1 Kd7 22. Kf1 Nd5 23. a3 b5 24. e4 Nc7 25. Rc2 Na4 26. Rd2+ Kc8 27. Rc2 e5 28. g3 Kd7 29. Rd2+ Ke7 30. Rc2 Ne6 31. Rc6 Kd7 32. Rc1 Nd4 33. h4 h5 34. Kg2 f6 35. Kf1 Nb6 36. Kg2 Kd6 37. Rc5 g6 38. Rc3 Kd7 39. Rc5 Na4 40. Rc1 Nb2 41. Rc5 Nd3 42. Rd5+ Ke6 43. Rd8 Ne1+ 44. Kh1 Nef3 45. Re8+ Kd7 46. Rg8 Ke6 47. Rxg6 Kf7 48. Rh6 Kg7 49. Rxh5 Nd2 50. Kg2 Nxe4 51. f4 exf4 52. gxf4 f5 53. Kh2 Nf6 54. Rg5+ Kh6 55. Rg3 Ng4+ 56. Kg2 Ne6 57. Rf3 Nf6 58. a4 bxa4 59. Ra3 Nxf4+ 60. Kf3 N4d5 61. Rxa4 Nd7 62. Ra5 1/2-1/2

[Event "Olympiad-45"]
[Site "Budapest"]
[Date "2024.09.13"]
[Round "3.4"]
[White "Subelj, Jan"]
[Black "Bu, Xiangzhi"]
[Result "1/2-1/2"]
[WhiteElo "2498"]
[BlackElo "2693"]
[PlyCount "60"]
[EventDate "2024.09.11"]
[EventType "team-swiss"]
[EventRounds "11"]
[EventCountry "HUN"]
[SourceTitle "EXT 2025"]
[Source "ChessBase"]
[SourceDate "2024.10.14"]
[SourceVersion "1"]
[SourceVersionDate "2024.10.14"]
[SourceQuality "1"]
[WhiteTeam "Slovenia"]
[BlackTeam "China"]
[WhiteTeamCountry "SLO"]
[BlackTeamCountry "CHN"]

1. e4 e5 2. Nf3 Nf6 3. Nxe5 d6 4. Nf3 Nxe4 5. d3 Nf6 6. d4 d5 7. h3 h6 8. Bd3 Bd6 9. 0-0 0-0 10. Nc3 c6 11. Ne5 c5 12. Nb5 Be7 13. dxc5 Bxc5 14. Bf4 a6 15. Nc3 Nc6 16. Nxc6 bxc6 17. Qf3 Bd6 18. Ne2 a5 19. c4 Bxf4 20. Nxf4 a4 21. Rad1 Rb8 22. cxd5 cxd5 23. Bc2 Rxb2 24. Bxa4 Ba6 25. Rfe1 Rxa2 26. Bb3 Ra3 27. Nxd5 Nxd5 28. Qxd5 Qxd5 29. Bxd5 Rd3 30. Rxd3 Bxd3 1/2-1/2

[Event "CHN-chT Div-A"]
[Site "Fuling"]
[Date "2024.06.27"]
[Round "2.1"]
[White "Li, Chao B"]
[Black "Bu, Xiangzhi"]
[Result "1/2-1/2"]
[WhiteElo "2645"]
[BlackElo "2689"]
[PlyCount "68"]
[EventDate "2024.06.26"]
[EventType "team-swiss"]
[EventRounds "11"]
[EventCountry "CHN"]
[SourceTitle "CBM 221 Extra"]
[Source "ChessBase"]
[SourceDate "2024.09.30"]
[SourceVersion "1"]
[SourceVersionDate "2024.09.30"]
[SourceQuality "1"]
[WhiteTeam "Beijing"]
[BlackTeam "Chongqing Ticai"]
[WhiteTeamCountry "CHN"]
[BlackTeamCountry "CHN"]

1. e4 e5 2. Nf3 Nf6 3. Nxe5 d6 4. Nf3 Nxe4 5. d3 Nf6 6. d4 d5 7. Bd3 Bd6 8. 0-0 0-0 9. Bg5 Bg4 10. Nbd2 Nbd7 11. c3 c6 12. Qc2 Qc7 13. Rfe1 Rfe8 14. Bh4 Bh5 15. Bg3 Bg6 16. Bxg6 hxg6 17. Rxe8+ Rxe8 18. Re1 Rxe1+ 19. Nxe1 Bxg3 20. hxg3 Qd8 21. Qd1 Qe7 22. Nd3 Kf8 23. Kf1 Ne4 24. Qe1 g5 25. f3 Nxd2+ 26. Qxd2 f6 27. g4 Kf7 28. Kf2 Nf8 29. Qd1 Ne6 30. g3 g6 31. Qh1 Kg7 32. Qe1 Kf7 33. Qh1 Kg7 34. Qe1 Kf7 1/2-1/2